000 00393nam a2200181Ia 4500
008 210210b1860 xxu||||| |||| 00| 0 eng d
041 _aeng
082 _a828/287
100 _aHEFELE (Von)
245 _aLife of cardinal Ximenez
260 _aLondon
_b-
_c1860
650 _aXimenez
650 _aof
650 _aLife
650 _acardinal
690 _aBiography
906 _a016132
999 _c135543
_d135543